[Event "World Senior 65+ 2014"]
[Site "Katerini GRE"]
[Date "2014.11.04"]
[Round "11.20"]
[White "Krstic, Slobodan AUS"]
[Black "Malmdin, Nils-Ake"]
[Result "0-1"]
[BlackTitle "FM"]
[WhiteElo "2038"]
[BlackElo "2208"]
[WhiteFideId "3203379"]
[BlackFideId "1701584"]
[EventDate "2014.10.24"]

1. e4 d5 2. exd5 Nf6 3. d4 Bg4 4. Nf3 Qxd5 5. Be2 Nc6 6. O-O O-O-O 7. c4 Qf5 8.
d5 Bxf3 9. Bxf3 Ne5 10. Be2 e6 11. Qa4 a6 12. h3 exd5 13. cxd5 Nxd5 14. f4 Bc5+
15. Kh1 Nd7 16. Bg4 Qf6 17. Rd1 Nb6 18. Qa5 Qe7 19. a3 h5 20. Bf3 Nf6 21. Re1
Qd6 22. Nc3 Rhe8 23. Rd1 Qe7 24. Bd2 Nc4 25. Qa4 Nxd2 26. Re1 Qxe1+ 0-1

[Event "World Senior 65+ 2014"]
[Site "Katerini GRE"]
[Date "2014.11.04"]
[Round "11.21"]
[White "Agzamov, Valeriy"]
[Black "Awawdeh, Fayez"]
[Result "1-0"]
[BlackTitle "FM"]
[WhiteElo "2191"]
[BlackElo "2012"]
[WhiteFideId "14200449"]
[BlackFideId "8100721"]
[EventDate "2014.10.24"]

1. e4 c5 2. Nf3 Nc6 3. d4 cxd4 4. Nxd4 Nf6 5. Nc3 a6 6. Nxc6 bxc6 7. e5 Ng8 8.
Bc4 Qa5 9. Qe2 e6 10. O-O h5 11. Bd2 Qc7 12. f4 g6 13. Ne4 a5 14. Kh1 Be7 15.
Bc3 Nh6 16. Nd6+ Kf8 17. Rad1 Rh7 18. Rd2 Bxd6 19. exd6 Qd8 20. a4 Ng4 21. Rd3
Bb7 22. Rh3 Kg8 23. Rd3 Qb6 24. h3 Nh6 25. f5 Nxf5 26. Rxf5 exf5 27. Rg3 Qd8 28.
Bxf7+ Kxf7 29. Qc4+ Kf8 30. Rxg6 Rf7 31. Qf4 Rh7 32. Qxf5+ Rf7 33. Qxh5 Rf1+ 34.
Kh2 Qb6 35. Qh8+ 1-0

[Event "World Senior 65+ 2014"]
[Site "Katerini GRE"]
[Date "2014.11.04"]
[Round "11.22"]
[White "Borwell, Alan P"]
[Black "Kiselev, Alexander"]
[Result "1/2-1/2"]
[WhiteElo "2032"]
[BlackElo "2122"]
[WhiteFideId "2402335"]
[BlackFideId "14105900"]
[EventDate "2014.10.24"]

1. e4 Nc6 2. Nf3 d5 3. exd5 Qxd5 4. Nc3 Qa5 5. d4 Bg4 6. Be2 O-O-O 7. Be3 e5 8.
Nxe5 Bxe2 9. Qxe2 Nxe5 10. dxe5 Qxe5 11. O-O a6 1/2-1/2

[Event "World Senior 65+ 2014"]
[Site "Katerini GRE"]
[Date "2014.11.04"]
[Round "11.23"]
[White "Chirinos Cabrera, Cleren Jesus"]
[Black "Nickl, Klaus"]
[Result "1/2-1/2"]
[WhiteTitle "CM"]
[WhiteElo "2009"]
[BlackElo "2113"]
[WhiteFideId "3900150"]
[BlackFideId "1601024"]
[EventDate "2014.10.24"]

1. g3 Nf6 2. Bg2 d5 3. d3 c6 4. Nd2 e5 5. c4 Bc5 6. e3 O-O 7. Ne2 Be6 8. O-O
dxc4 9. Nxc4 e4 10. Ne5 Qc7 11. d4 Bd6 12. f4 exf3 13. Nxf3 Ne4 14. Nc3 Nxc3 15.
bxc3 f5 1/2-1/2

[Event "World Senior 65+ 2014"]
[Site "Katerini GRE"]
[Date "2014.11.04"]
[Round "11.24"]
[White "Kratschmer, Heinz"]
[Black "Belokopyt, Boris"]
[Result "1/2-1/2"]
[WhiteElo "2109"]
[BlackElo "1940"]
[WhiteFideId "1606670"]
[BlackFideId "4152530"]
[EventDate "2014.10.24"]

1. d4 Nf6 2. Nf3 e6 3. e3 d5 4. Bd3 c5 5. c3 Nbd7 6. O-O Be7 7. Nbd2 O-O 8. Qe2
a6 9. e4 dxe4 10. Nxe4 Nxe4 11. Qxe4 Nf6 12. Qh4 cxd4 13. Rd1 Qa5 14. Bxh7+ Nxh7
15. Qxe7 dxc3 16. bxc3 e5 17. Qxe5 Qxe5 18. Nxe5 Be6 19. Be3 Rfc8 20. Bd4 Nf6
21. a4 Nd5 22. Rd3 f6 23. Ng6 Kf7 24. Rg3 Rc4 25. a5 Rac8 26. h4 Nxc3 27. Bxc3
Rxc3 28. Rxc3 Rxc3 29. Nf4 Rb3 30. Nxe6 Kxe6 31. Ra4 f5 32. g3 g6 33. Kg2 Rb2
34. g4 fxg4 35. Rxg4 Kf5 36. Ra4 Rb3 37. f3 Rb2+ 38. Kg3 Rb5 39. Rg4 Kf6 40. Ra4 1/2-1/2

[Event "World Senior 65+ 2014"]
[Site "Katerini GRE"]
[Date "2014.11.04"]
[Round "11.25"]
[White "Blaushtain, Boris"]
[Black "Batakovs, Olegs"]
[Result "1/2-1/2"]
[WhiteElo "2018"]
[BlackElo "2098"]
[WhiteFideId "2804638"]
[BlackFideId "11600888"]
[EventDate "2014.10.24"]

1. c4 Nf6 2. d4 g6 3. Nc3 Bg7 4. e4 d6 5. f3 O-O 6. Be3 Nc6 7. Qd2 a6 8. Nge2
Rb8 9. a4 Bd7 10. d5 Ne5 11. Nc1 c5 12. Be2 Bc8 13. O-O Qa5 14. Ra2 Re8 15. h3
Ned7 16. Nd3 Nh5 17. Kh2 Nhf6 18. Nf2 Nf8 19. g4 N6d7 20. Raa1 e5 21. Nh1 Qd8
22. Ng3 Qe7 23. Kg2 Nb6 24. h4 Bd7 25. Rh1 Na8 26. Rab1 a5 27. b3 Nc7 28. Rh2
Na6 29. Rbh1 Nb4 30. Nd1 b6 31. Nf2 Rb7 32. Nd3 Nxd3 33. Bxd3 Bc8 34. Kf1 Nd7
35. h5 Nf8 36. Ke1 Rc7 37. Qg2 Qf6 38. Kd2 Ra7 39. Kc2 Rc7 40. Be2 Ra7 41. Bd1
Rc7 42. Rh3 Ra7 43. Qh2 Rc7 44. Qd2 Qe7 45. Rg1 Ra7 46. Rh2 f6 47. hxg6 hxg6 48.
Qg2 Nh7 49. Rgh1 Ng5 50. Rh4 Kf7 51. Qh2 Rg8 52. Bxg5 fxg5 53. Rh7 Qf6 54. Qd2
Qf4 55. Ne2 Qxd2+ 56. Kxd2 Kf8 57. Ng1 Rf7 58. Ke3 Bf6 59. Rxf7+ Kxf7 60. Rh7+
Rg7 61. Kd2 1/2-1/2

[Event "World Senior 65+ 2014"]
[Site "Katerini GRE"]
[Date "2014.11.04"]
[Round "11.26"]
[White "Kayaman, Metin"]
[Black "Reuben, Stewart"]
[Result "1/2-1/2"]
[BlackTitle "CM"]
[WhiteElo "1878"]
[BlackElo "2089"]
[WhiteFideId "6301185"]
[BlackFideId "405256"]
[EventDate "2014.10.24"]

1. d4 Nf6 2. c4 e6 3. Nc3 Bb4 4. e3 O-O 5. Bd3 c5 6. Ne2 Nc6 7. a3 Bxc3+ 8. bxc3
e5 9. O-O d6 10. f3 b6 11. d5 Na5 12. Ng3 Ba6 13. Qe2 Qd7 14. a4 Ne8 15. e4 Nb3
16. Ra2 Nxc1 17. Rxc1 g6 18. a5 Nc7 19. axb6 axb6 20. Rb2 Rab8 21. Rcb1 Na8 22.
Qd2 Kg7 23. Nh5+ gxh5 24. Qg5+ Kh8 25. Qf6+ 1/2-1/2

[Event "World Senior 65+ 2014"]
[Site "Katerini GRE"]
[Date "2014.11.04"]
[Round "11.27"]
[White "Lelis, Janis"]
[Black "Savolainen, Lev P."]
[Result "1-0"]
[BlackTitle "FM"]
[WhiteElo "1846"]
[BlackElo "2083"]
[WhiteFideId "11604328"]
[BlackFideId "4135792"]
[EventDate "2014.10.24"]

1. d4 e6 2. c4 d5 3. Nc3 Nf6 4. h3 c5 5. e3 cxd4 6. exd4 Nc6 7. Nf3 a6 8. a3 Be7
9. c5 Ne4 10. Bd3 f5 11. O-O O-O 12. Ne2 Bf6 13. b4 Kh8 14. Bb2 Qc7 15. Rc1 Bd7
16. Qe1 Be8 17. Nd2 Bg5 18. f4 Bh6 19. h4 Bh5 20. Bxe4 fxe4 21. g3 g6 22. Nc4
Bg7 23. Ne5 h6 24. Qd2 Bf6 25. g4 Bxe5 26. fxe5 Rxf1+ 27. Rxf1 Bxg4 28. Qxh6+
Kg8 29. Rf6 Bf5 30. Nf4 Qh7 31. Qg5 Rf8 32. Nxg6 Rxf6 33. Ne7+ Kh8 34. exf6 Nxe7
35. fxe7 Qg6 36. a4 Qe8 37. Qh6+ Kg8 38. Qf6 1-0

[Event "World Senior 65+ 2014"]
[Site "Katerini GRE"]
[Date "2014.11.04"]
[Round "11.28"]
[White "Bondar, Leonid"]
[Black "Carlsten, Peter"]
[Result "1/2-1/2"]
[WhiteElo "2061"]
[BlackElo "2031"]
[WhiteFideId "2006227"]
[BlackFideId "1705067"]
[EventDate "2014.10.24"]

1. e4 d6 2. d4 Nf6 3. Nc3 e5 4. Nf3 Nbd7 5. Bc4 Be7 6. O-O O-O 7. Re1 c6 8. a4
a5 9. h3 Qb6 10. Rb1 exd4 11. Qxd4 Qxd4 12. Nxd4 Nc5 13. Nf5 Bxf5 14. exf5 Rfe8
15. Be3 d5 16. Ba2 h6 17. g4 Nfd7 18. Bd4 Bf6 19. Red1 Re7 20. Kf1 Rae8 21. Rd2
Ne4 22. Nxe4 Rxe4 23. Rbd1 Ne5 1/2-1/2

[Event "World Senior 65+ 2014"]
[Site "Katerini GRE"]
[Date "2014.11.04"]
[Round "11.29"]
[White "Danielsson, Robert"]
[Black "Choong, Liong-On Mark"]
[Result "1-0"]
[BlackTitle "CM"]
[WhiteElo "2115"]
[BlackElo "1921"]
[WhiteFideId "1711490"]
[BlackFideId "5806410"]
[EventDate "2014.10.24"]

1. Nf3 Nf6 2. c4 g6 3. g3 Bg7 4. Bg2 d6 5. d4 O-O 6. O-O c6 7. Nc3 Qa5 8. e4
Nbd7 9. Rb1 a6 10. Qc2 b5 11. b3 b4 12. Na4 Qc7 13. Bb2 Rd8 14. Rfd1 Bb7 15. Re1
e5 16. dxe5 dxe5 17. c5 Ne8 18. Bc1 Bf8 19. Be3 a5 20. Bf1 Be7 21. Rbd1 Nf8 22.
Nb6 Ra7 23. Bc4 Kg7 24. Rxd8 Bxd8 25. Rd1 Be7 26. Nxe5 f6 27. Ned7 Ra8 1-0

[Event "World Senior 65+ 2014"]
[Site "Katerini GRE"]
[Date "2014.11.04"]
[Round "11.30"]
[White "Ben-Zeev, Moshe"]
[Black "Davydov, Mihail"]
[Result "0-1"]
[WhiteElo "1963"]
[BlackElo "2076"]
[WhiteFideId "2807203"]
[BlackFideId "4679962"]
[EventDate "2014.10.24"]

1. d4 Nf6 2. Bg5 Ne4 3. Bh4 g5 4. f3 gxh4 5. fxe4 c5 6. Nf3 cxd4 7. Qxd4 Rg8 8.
c3 Nc6 9. Qd2 Rg4 10. Qd3 Qb6 11. b3 Bg7 12. e5 Nxe5 13. Nxe5 Bxe5 14. Nd2 Qg6
15. Rc1 d6 16. e3 Qxd3 17. Bxd3 Rxg2 18. Be4 Rxh2 19. Rxh2 Bxh2 20. Bxh7 Bg4 21.
Nf1 Be5 22. Be4 O-O-O 23. Rc2 Rg8 24. c4 e6 25. Nh2 Bg3+ 26. Kf1 Bh3+ 27. Bg2
Bf5 28. e4 Bh7 29. Bh1 Kd7 30. Rd2 Kc7 31. b4 b6 32. a4 Bf4 33. Re2 e5 34. Bf3
Rg3 35. Kf2 Bg6 36. Nf1 Rxf3+ 37. Kxf3 Bh5+ 38. Kf2 Bxe2 39. Kxe2 Kc6 40. Kf2 a5 0-1

[Event "World Senior 65+ 2014"]
[Site "Katerini GRE"]
[Date "2014.11.04"]
[Round "11.31"]
[White "Baeta, Marcio Netto"]
[Black "Urbanc, Vinko"]
[Result "1-0"]
[WhiteElo "2074"]
[BlackElo "1849"]
[WhiteFideId "2112744"]
[BlackFideId "14607425"]
[EventDate "2014.10.24"]

1. e4 c5 2. d4 cxd4 3. Nf3 Nc6 4. Nxd4 e6 5. g3 Nf6 6. Bg2 a6 7. c4 Qc7 8. O-O
Rb8 9. Nc3 Be7 10. Nxc6 bxc6 11. e5 Ng8 12. Ne4 f6 13. Nd6+ Bxd6 14. exd6 Qa5
15. b3 h5 16. Qd3 Kf7 17. Bd2 Qa3 18. Bxc6 dxc6 19. d7 Bxd7 20. Qxd7+ Ne7 21.
Bc1 Qa5 22. Bd2 Rhd8 23. Qxe7+ 1-0

[Event "World Senior 65+ 2014"]
[Site "Katerini GRE"]
[Date "2014.11.04"]
[Round "11.32"]
[White "Acosta, Mariano USA"]
[Black "Koryabkin, Valery"]
[Result "1-0"]
[WhiteElo "1942"]
[BlackElo "2072"]
[WhiteFideId "2008629"]
[BlackFideId "24113115"]
[EventDate "2014.10.24"]

1. e4 c5 2. Nf3 a6 3. g3 Nc6 4. Bg2 e6 5. d3 d6 6. O-O Be7 7. c3 Nf6 8. Qe2 O-O
9. d4 Re8 10. e5 Nd7 11. h4 d5 12. Nbd2 Nf8 13. Rd1 cxd4 14. cxd4 Bd7 15. Nf1
Rc8 16. Bg5 Nb4 17. Ne3 Qb6 18. Qd2 Rc7 19. a3 Nc6 20. Ng4 Kh8 21. Rac1 Bxg5 22.
hxg5 Ng6 23. Bf1 Rec8 24. Kg2 Na5 25. Rxc7 Rxc7 26. b4 Nc4 27. Qa2 Ba4 28. Rb1
Ne7 29. Bd3 Nf5 30. Qa1 Qc6 31. Rh1 Bb5 32. Bxf5 exf5 33. Qb1 Qe6 34. Nf6 h6 35.
g4 Nxa3 36. Rxh6+ gxh6 37. Qh1 Bf1+ 38. Kg3 Bc4 1-0

[Event "World Senior 65+ 2014"]
[Site "Katerini GRE"]
[Date "2014.11.04"]
[Round "11.33"]
[White "Rubinstein, Mark"]
[Black "Pitzl, Konstantinos"]
[Result "1/2-1/2"]
[WhiteElo "1931"]
[BlackElo "2048"]
[WhiteFideId "2807076"]
[BlackFideId "1627112"]
[EventDate "2014.10.24"]

1. d4 Nf6 2. c4 g6 3. Nc3 Bg7 4. e4 d6 5. f3 O-O 6. Be3 Nbd7 7. Qd2 e5 8. d5 a5
9. Nge2 Nc5 10. b3 Bd7 11. g4 Bxg4 12. fxg4 Nfxe4 13. Nxe4 Nxe4 14. Qd3 Qh4+ 15.
Kd1 1/2-1/2

[Event "World Senior 65+ 2014"]
[Site "Katerini GRE"]
[Date "2014.11.04"]
[Round "11.34"]
[White "Korenevski, Oleg"]
[Black "Marcovici, Adrian"]
[Result "1/2-1/2"]
[WhiteElo "1915"]
[BlackElo "2042"]
[WhiteFideId "3206386"]
[BlackFideId "2801175"]
[EventDate "2014.10.24"]

1. d4 d5 2. Nf3 c5 3. e3 e6 4. b3 Nf6 5. Bd3 Nc6 6. a3 Bd6 7. Bb2 O-O 8. O-O Re8
9. Nbd2 e5 10. dxe5 Nxe5 11. Nxe5 Bxe5 12. Bxe5 Rxe5 13. Nf3 Re7 14. c4 Bg4 15.
h3 Bh5 16. Be2 dxc4 17. Qxd8+ Rxd8 18. Bxc4 Ne4 19. g4 Bg6 20. Rfd1 Red7 21.
Rxd7 Rxd7 22. Kf1 Kf8 23. Ke1 f6 24. b4 Bf7 25. Bxf7 Kxf7 26. bxc5 Nxc5 27. Nd4
Ne6 28. Rd1 Nxd4 29. exd4 Ke6 30. Ke2 Kd5 31. Kd3 Rc7 32. Rb1 b6 33. Rb5+ Kd6
34. a4 Rc1 35. g5 Ra1 36. gxf6 gxf6 37. Rh5 Rxa4 38. Rxh7 b5 39. h4 f5 40. h5
Ra3+ 41. Kd2 1/2-1/2

[Event "World Senior 65+ 2014"]
[Site "Katerini GRE"]
[Date "2014.11.04"]
[Round "11.35"]
[White "Andreas, Guenter"]
[Black "Hmooda, Elhabib"]
[Result "1-0"]
[WhiteElo "1992"]
[BlackElo "1718"]
[WhiteFideId "24625760"]
[BlackFideId "9202528"]
[EventDate "2014.10.24"]

1. e4 g6 2. d4 Bg7 3. f4 d5 4. e5 e6 5. Nc3 Ne7 6. Nf3 Bd7 7. Be3 Nf5 8. Bf2 Nc6
9. g4 Nfe7 10. Bh4 h5 11. gxh5 Rxh5 12. Bh3 Bh6 13. Bg4 Rxh4 14. Nxh4 Bxf4 15.
Ng2 Bh6 16. Ne2 Na5 17. Qd3 a6 18. Qh3 Ng8 19. O-O Qe7 20. Rf6 O-O-O 21. Raf1
Nxf6 22. exf6 Qf8 23. b3 c5 24. Qc3 Nc6 25. dxc5 e5 26. Bxd7+ Rxd7 27. b4 Qh8
28. a4 Bg5 29. b5 axb5 30. axb5 d4 31. Qg3 Bf4 32. Ngxf4 exf4 33. Qxf4 Nd8 34.
Ra1 Rd5 35. c6 bxc6 36. bxc6 Qxh2+ 37. Kxh2 Rh5+ 38. Kg2 Nxc6 39. Qd6 Rg5+ 40.
Ng3 Rxg3+ 41. Kxg3 1-0

[Event "World Senior 65+ 2014"]
[Site "Katerini GRE"]
[Date "2014.11.04"]
[Round "11.36"]
[White "Benson, Lachlan"]
[Black "Pihlajamaki, Antti"]
[Result "1/2-1/2"]
[WhiteElo "1998"]
[BlackElo "1863"]
[WhiteFideId "3205410"]
[BlackFideId "503290"]
[EventDate "2014.10.24"]

1. e4 e5 2. Nf3 Nc6 3. Bc4 Nf6 4. d3 d5 5. exd5 Nxd5 6. O-O Be7 7. Re1 Qd6 8. c3
Be6 9. Nbd2 f5 10. Bb5 Nf4 11. Bxc6+ Qxc6 12. Nf1 Ng6 13. Nxe5 Nxe5 14. Rxe5 Bf6
15. Re1 O-O 16. Bf4 Rad8 17. d4 Rd7 18. Be5 Bxe5 19. Rxe5 f4 20. f3 Qd6 21. Qe2
Bf7 22. Nd2 b6 23. a3 a5 24. Re1 h6 25. Re7 c5 26. Rxd7 Qxd7 27. dxc5 bxc5 28.
Ne4 Re8 29. Rd1 Qa7 30. Qd2 c4+ 31. Qd4 Qb8 32. Rd2 Qa8 33. h3 Qc6 34. Kh2 Qg6
35. Qd6 Qf5 36. Qd7 Qe5 37. Nd6 Re7 38. Qd8+ Be8 39. Nxe8 Rxe8 40. Qd5+ Qxd5 41.
Rxd5 Rb8 42. Rc5 Rxb2 43. Rxc4 Rb3 44. a4 Ra3 45. h4 g6 46. Kh3 h5 47. g3 fxg3
48. Kxg3 Kg7 49. Kf4 Kf6 50. Rc6+ Kf7 51. Kg5 Rxa4 52. Rc7+ Ke6 53. Kxg6 Rxh4
54. Kg5 Rh1 55. Ra7 Rc1 56. Rc7 a4 57. Ra7 Rxc3 58. f4 Rc5+ 59. Kh4 Rc4 1/2-1/2

[Event "World Senior 65+ 2014"]
[Site "Katerini GRE"]
[Date "2014.11.04"]
[Round "11.37"]
[White "Kronlaks, Olafs"]
[Black "Yakovlev, Yuri S."]
[Result "1-0"]
[WhiteElo "1836"]
[BlackElo "1992"]
[WhiteFideId "11604077"]
[BlackFideId "4173929"]
[EventDate "2014.10.24"]

1. d4 d5 2. c4 c6 3. Nf3 Nf6 4. Nc3 e6 5. Bf4 Bd6 6. Bxd6 Qxd6 7. e3 Nbd7 8. Bd3
O-O 9. O-O h6 10. cxd5 exd5 11. Qc2 Re8 12. a3 Nf8 13. b4 Bd7 14. Rac1 b5 15.
Ne5 Ng4 16. Nf3 Re7 17. h3 Nf6 18. Ne5 Ne6 19. Nb1 Nd8 20. Nd2 Be8 21. Nb3 Ne4
22. f3 Ng3 23. Rfe1 h5 24. Qf2 h4 25. f4 f6 26. Nf3 Ne4 27. Qxh4 Nf7 28. Re2 Bd7
29. Qe1 g5 30. fxg5 fxg5 31. Bxe4 Rxe4 32. Nc5 Re7 33. Nd3 Qh6 34. Nfe5 Nxe5 35.
Nxe5 Be8 36. Qg3 a5 37. Rf2 axb4 38. axb4 Re6 39. Rf5 Ra7 40. Rxg5+ Rg7 41.
Rxg7+ Qxg7 42. Qxg7+ Kxg7 43. g4 Kf6 44. Kg2 Ke7 45. h4 Rh6 46. Kg3 Bd7 47. Rf1
Rh7 48. Nxd7 Kxd7 49. Rf6 1-0

[Event "World Senior 65+ 2014"]
[Site "Katerini GRE"]
[Date "2014.11.04"]
[Round "11.38"]
[White "Keze, Arnis"]
[Black "Lukovski, Lev"]
[Result "0-1"]
[WhiteElo "1684"]
[BlackElo "1917"]
[WhiteFideId "4165845"]
[BlackFideId "4634837"]
[EventDate "2014.10.24"]

1. d4 e6 2. Nf3 b6 3. c4 Bb7 4. Nc3 d6 5. e4 Nd7 6. Bd3 g6 7. O-O Bg7 8. Be3 Ne7
9. Rc1 O-O 10. Qd2 Re8 11. Bh6 Bh8 12. Ng5 Bxd4 13. Bb1 Nc6 14. Nb5 Bg7 15. Bxg7
Kxg7 16. f4 a6 17. Nc3 h6 18. Nh3 Qe7 19. Rf3 Nf6 20. Rcf1 Rf8 21. Qf2 Rad8 22.
f5 Ne5 23. fxg6 fxg6 24. Nf4 Nxf3+ 25. gxf3 e5 26. Nfd5 Bxd5 27. exd5 Nh5 28.
Kh1 Nf4 29. Rg1 Kh8 30. Qc2 Rg8 31. Rg3 Rg7 32. Qe4 Rf8 33. Nd1 Rf6 34. Nf2 Nh5
35. Rg2 Rf4 36. Qe3 g5 37. Ng4 Qf8 38. Be4 Rgf7 39. Rf2 Rxg4 40. fxg4 Rxf2 41.
gxh5 Qf4 42. Qxf4 gxf4 43. b4 Rxa2 44. Bd3 Kg7 45. Kg1 Kf6 46. h4 Rb2 47. c5 a5
48. cxd6 cxd6 49. bxa5 bxa5 50. Kf1 a4 51. Ke1 a3 0-1

[Event "World Senior 65+ 2014"]
[Site "Katerini GRE"]
[Date "2014.11.04"]
[Round "11.39"]
[White "Hernandez M., Emilio Gustavo"]
[Black "Rave, Avraham"]
[Result "1-0"]
[WhiteElo "1801"]
[BlackElo "1838"]
[WhiteFideId "3901475"]
[BlackFideId "2805367"]
[EventDate "2014.10.24"]

1. Nf3 Nf6 2. c4 e6 3. Nc3 d5 4. d4 c6 5. Bg5 Be7 6. e3 Nbd7 7. Bd3 a6 8. a4 Qc7
9. O-O dxc4 10. Bxc4 O-O 11. Qc2 h6 12. Bh4 Bd6 13. e4 Bb4 14. e5 Nd5 15. Rac1
Bxc3 16. bxc3 Re8 17. Ba2 Nf8 18. Bb1 c5 19. Qe4 Ne7 20. Bxe7 Qxe7 21. Qe3 Bd7
22. Bc2 Rac8 23. Nd2 Bc6 24. Ne4 Bxe4 25. Bxe4 Rc7 26. Rb1 Rb8 27. Bd3 cxd4 28.
cxd4 Qa3 29. Bh7+ Nxh7 30. Qxa3 Nf8 31. Rfc1 Rd7 32. Rc4 Rbd8 33. Qe3 Ng6 34. g3
Ne7 35. Rbc1 Nc6 36. Rxc6 bxc6 37. Rxc6 Rxd4 38. Rd6 R4xd6 39. exd6 Rxd6 40. Qc5
Rd8 41. Qb6 1-0

[Event "World Senior 65+ 2014"]
[Site "Katerini GRE"]
[Date "2014.11.04"]
[Round "11.40"]
[White "El Gheiadi, I."]
[Black "Rozewicz, Joseph"]
[Result "0-1"]
[WhiteElo "2085"]
[BlackElo "1576"]
[WhiteFideId "9200037"]
[BlackFideId "403318"]
[EventDate "2014.10.24"]

1. e4 c5 2. Nf3 a6 3. d4 cxd4 4. Nxd4 Nf6 5. Nc3 e5 6. Nf3 Bb4 7. Bd3 d5 8. exd5
e4 9. Qe2 O-O 10. Bxe4 Nxe4 11. Qxe4 Re8 12. Ne5 Bxc3+ 13. bxc3 f6 14. f4 Nd7
15. O-O fxe5 16. fxe5 Nxe5 17. Ba3 Ng6 18. Qf3 Qd7 19. Rad1 b5 20. Bc5 Bb7 21.
Qd3 Ne5 22. Qd4 Nc4 23. Rf3 Ne5 24. Rf4 Ng6 25. Rf2 Ne7 26. Rdf1 Qxd5 27. Bxe7
Qxd4 28. cxd4 Rxe7 29. c3 Rae8 30. h3 Re2 31. Kh2 Bd5 32. a3 Bc4 33. Kg1 Rxf2
34. Rxf2 Rf8 35. Rd2 Rf5 36. Kh2 Kf7 37. g4 Rf3 38. Rc2 Re3 39. Rf2+ Ke7 40. Rf5
Rxc3 41. g5 Rxa3 42. h4 Ra2+ 43. Kg3 b4 44. Rc5 Bb5 45. h5 b3 46. Rc3 b2 47. Rb3
Ra3 48. Rxa3 b1=Q 49. Re3+ Kd6 50. h6 gxh6 51. gxh6 a5 52. Re5 a4 53. Rg5 Qg1+ 0-1

[Event "World Senior 65+ 2014"]
[Site "Katerini GRE"]
[Date "2014.11.04"]
[Round "11.41"]
[White "Borensztajn, David"]
[Black "Tobar Salas, Juan Carlos"]
[Result "1-0"]
[WhiteElo "1940"]
[BlackElo "1538"]
[WhiteFideId "2106817"]
[BlackFideId "3416682"]
[EventDate "2014.10.24"]

1. d4 Nf6 2. Nf3 d6 3. Bg5 Nbd7 4. e3 Ne4 5. Bf4 h6 6. h3 g5 7. Bh2 Bg7 8. Bd3
d5 9. c4 c6 10. cxd5 Qa5+ 11. Nbd2 cxd5 12. O-O f5 13. Nb3 Qb6 14. Rc1 O-O 15.
Ne1 f4 16. exf4 gxf4 17. Bxe4 dxe4 18. Qc2 Qg6 19. f3 Nf6 20. Bxf4 Nd5 21. Bd2
Bxh3 22. Qxe4 Rf5 23. Rf2 Bf6 24. Rc5 Rd8 25. Kf1 Qh5 26. gxh3 Qxh3+ 27. Ke2 Bh4
28. Rg2+ Kh7 29. Qg4 Qxg4 30. Rxg4 Bf6 31. Nd3 Rh5 32. Rg2 b6 33. Rc4 a5 34. Nf4
b5 35. Nxh5 bxc4 36. Nxf6+ Nxf6 37. Nxa5 Rxd4 38. Bc3 Rh4 39. Bxf6 exf6 40. Kd2
Rd4+ 41. Kc3 Rd3+ 42. Kxc4 Rxf3 43. b4 Rf4+ 44. Kc5 h5 45. b5 Rf1 46. b6 Rc1+
47. Kb5 1-0

[Event "World Senior 65+ 2014"]
[Site "Katerini GRE"]
[Date "2014.11.04"]
[Round "11.42"]
[White "Haupt, Joachim"]
[Black "Susanto, Budhi"]
[Result "0-1"]
[WhiteElo "1874"]
[BlackElo "1724"]
[WhiteFideId "4698487"]
[BlackFideId "7104979"]
[EventDate "2014.10.24"]

1. Nf3 Nf6 2. c4 g6 3. Nc3 Bg7 4. g3 O-O 5. Bg2 c6 6. O-O d5 7. cxd5 cxd5 8. d3
Nc6 9. Re1 e5 10. a3 h6 11. b4 a6 12. Na4 b6 13. Bb2 Re8 14. Rc1 Bd7 15. Qb3 Rc8
16. Rc2 d4 17. Rcc1 Be6 18. Qd1 Nd5 19. e4 Nde7 20. Nd2 Rb8 21. Ba1 Qd7 22. Qe2
Nxb4 23. Nb2 Na2 24. Rc2 Nc3 25. Qf1 b5 26. f4 Rbc8 27. Rec1 Bg4 28. Nf3 f6 29.
Rxc3 Rxc3 30. Rxc3 dxc3 31. Nd1 Bxf3 32. Bxf3 c2 33. Nc3 exf4 34. gxf4 Rc8 35.
Qc1 Qd4+ 0-1

[Event "World Senior 65+ 2014"]
[Site "Katerini GRE"]
[Date "2014.11.04"]
[Round "11.43"]
[White "Booth, Anthony"]
[Black "Shamis, Mordehay"]
[Result "1/2-1/2"]
[WhiteElo "1796"]
[BlackElo "1824"]
[WhiteFideId "4302699"]
[BlackFideId "2808374"]
[EventDate "2014.10.24"]

1. e4 c5 2. Nf3 Nc6 3. Nc3 e6 4. d4 cxd4 5. Nxd4 Bb4 6. Qd3 Nf6 7. Bd2 a6 8. Be2
Qc7 9. O-O b5 10. Nxc6 dxc6 11. Nxb5 axb5 12. Bxb4 Ba6 13. Qe3 Nd7 14. Qg5 Ne5
15. Qxg7 O-O-O 16. Bc3 Ng6 17. Qf6 Rhg8 18. f4 Rde8 19. Rad1 Kb8 20. Kh1 b4 21.
Bxa6 bxc3 22. bxc3 Ka7 23. Bc4 h5 24. Qd4+ c5 25. Qd6 Qxd6 26. Rxd6 Rd8 27. Ra6+
Kb7 28. Rb1+ Kc7 29. Ra7+ Kc6 30. Bb5+ Kb6 31. Rxf7 Nh4 32. Be2+ Kc6 33. g3 Rd2
34. Rfb7 c4 35. Bxh5 Rh8 36. Be8+ Rxe8 37. gxh4 Rg8 38. R7b6+ Kc7 39. Rb7+ Kc6 1/2-1/2

[Event "World Senior 65+ 2014"]
[Site "Katerini GRE"]
[Date "2014.11.04"]
[Round "11.44"]
[White "Mitsakos, Achilleas"]
[Black "Topaloglu, Hayati"]
[Result "0-1"]
[WhiteElo "1584"]
[BlackElo "1848"]
[WhiteFideId "4207726"]
[BlackFideId "6310338"]
[EventDate "2014.10.24"]

1. e4 e6 2. d4 d5 3. e5 c5 4. c3 Nc6 5. Nf3 Qb6 6. Bd3 Bd7 7. O-O cxd4 8. cxd4
Nxd4 9. Nxd4 Qxd4 10. Nc3 Qxe5 11. Re1 Qd6 12. Nb5 Qc6 13. Be3 Qc8 14. Nxa7 Qd8
15. Bb5 Nf6 16. Qb3 Bd6 17. Bb6 Qe7 18. Bxd7+ Qxd7 19. Rac1 O-O 20. Nb5 Rfc8 21.
Na7 Rxc1 22. Rxc1 Ne8 23. a4 f6 24. g3 g5 25. a5 Kg7 26. Re1 Be5 27. Qe3 Nd6 28.
b3 Nf5 29. Qd3 h6 30. Rc1 Ne7 31. b4 Bd6 32. b5 e5 33. f3 Bb8 34. Qa3 Rxa7 35.
Bxa7 Bxa7+ 36. b6 Bb8 37. a6 bxa6 38. Qxa6 d4 39. Qa8 Qd6 40. Qb7 d3 41. Rd1 Kf7
42. Qe4 Qxb6+ 43. Kg2 Ba7 44. Qxd3 Kg7 45. Qd7 Qf2+ 46. Kh3 Bc5 47. Qd3 h5 48.
Rh1 Bd4 49. Rf1 g4+ 50. fxg4 hxg4+ 51. Kxg4 Qxh2 52. Kf3 f5 53. Qc4 e4+ 0-1